Statistical Yearbook 1985/86 Issue 35
Na minha lista:
| Formato: | Livro |
|---|---|
| Idioma: | inglês |
| Publicado em: |
New York
United Nations
1988
|
| Edição: | 1. ed. |
| Tags: |
Sem tags, seja o primeiro a adicionar uma tag!
|
MARC
| LEADER | 00000nam a2200000 4500 | ||
|---|---|---|---|
| 001 | c032461 | ||
| 005 | 20221219120630.2 | ||
| 041 | 0 | |a eng | |
| 044 | |a US | ||
| 245 | 1 | 0 | |a Statistical Yearbook 1985/86 |b Issue 35 |
| 250 | |a 1. ed. | ||
| 264 | 1 | |a New York |b United Nations |c 1988 | |
| 300 | |a 855 s. | ||